[Event "TCh-ITA 2012"]
[Site "Arvier ITA"]
[Date "2012.04.28"]
[Round "2"]
[White "Sbarra, Marco"]
[Black "Bellini, Fabio"]
[Result "0-1"]
[WhiteTitle "FM"]
[BlackTitle "IM"]
[WhiteElo "2305"]
[BlackElo "2509"]
[WhiteTeam "SS Milanese"]
[BlackTeam "Ob. Risarcimento Padova"]
[WhiteFideId "804401"]
[BlackFideId "800252"]
[EventDate "2012.04.27"]

1. d4 g6 2. c4 Bg7 3. e4 d6 4. Nc3 Nd7 5. Be2 e5 6. d5 Ngf6 7. Bg5 h6 8. Bh4 g5
9. Bg3 Nc5 10. f3 a5 11. Bf2 Bd7 12. Be3 Nh5 13. Qd2 Nf4 14. Bf1 b6 15. g3 Ng6
16. Bh3 Bxh3 17. Nxh3 Qd7 18. Nf2 f5 19. Bxc5 bxc5 20. exf5 Qxf5 21. Qd3 O-O 22.
O-O e4 23. fxe4 Qd7 24. Kg2 Bd4 25. Qe2 Ne5 26. Nb5 Bxf2 27. Rxf2 Rxf2+ 28. Kxf2
Rf8+ 29. Kg2 Rf3 30. h3 g4 31. Rh1 h5 32. Qd2 Qg7 33. Qxa5 Rxg3+ 34. Kxg3 gxh3+ 0-1

[Event "TCh-ITA 2012"]
[Site "Arvier ITA"]
[Date "2012.04.28"]
[Round "2"]
[White "Marin, Mihail"]
[Black "Ronchetti, Niccolo'"]
[Result "1-0"]
[WhiteTitle "GM"]
[BlackTitle "IM"]
[WhiteElo "2539"]
[BlackElo "2446"]
[WhiteTeam "Scavolini Datagest Pesaro"]
[BlackTeam "Acc. Scacch. Italiana Bologna"]
[WhiteFideId "1200020"]
[BlackFideId "813125"]
[EventDate "2012.04.27"]

1. d4 d5 2. Nf3 Nf6 3. e3 Bf5 4. c4 c6 5. cxd5 cxd5 6. Qb3 Qc8 7. Bd2 Nc6 8. Bb5
e6 9. O-O Bd6 10. Bb4 Ne4 11. Rc1 f6 12. Nc3 Bxb4 13. Qxb4 Qd7 14. Bxc6 bxc6 15.
Nxe4 Bxe4 16. Nd2 Bg6 17. Nb3 Kf7 18. Rc5 Rhc8 19. Rac1 Kg8 20. Qc3 Rab8 21. Na5
Be8 22. b4 a6 23. h3 Rb6 24. a3 Qd6 25. e4 Rb5 26. e5 fxe5 27. Qg3 Rxc5 28. Rxc5
Qb8 29. Qxe5 Qxe5 30. dxe5 Bd7 31. f3 Kf7 32. Kf2 Ke7 33. Ke3 Kd8 34. Nb3 Kc7
35. Ra5 Ra8 36. Kd4 Kb6 37. Nc5 Bc8 38. f4 Rb8 39. f5 exf5 40. e6 Kc7 41. e7 Bb7
42. Rxa6 1-0

[Event "TCh-ITA 2012"]
[Site "Arvier ITA"]
[Date "2012.04.28"]
[Round "2"]
[White "Codenotti, Marco"]
[Black "Rombaldoni, Denis"]
[Result "1/2-1/2"]
[WhiteTitle "FM"]
[BlackTitle "IM"]
[WhiteElo "2328"]
[BlackElo "2520"]
[WhiteTeam "Acc. Scacch. Italiana Bologna"]
[BlackTeam "Scavolini Datagest Pesaro"]
[WhiteFideId "800015"]
[BlackFideId "813575"]
[EventDate "2012.04.27"]

1. e4 c6 2. d4 d5 3. Nd2 dxe4 4. Nxe4 Bf5 5. Ng3 Bg6 6. h4 h6 7. Nf3 Nd7 8. h5
Bh7 9. Bd3 Bxd3 10. Qxd3 e6 11. Bd2 Ngf6 12. O-O-O Be7 13. Ne4 Qb6 14. Nxf6+
Bxf6 15. Qb3 Qxb3 16. axb3 a5 17. c4 a4 18. bxa4 Rxa4 19. b3 Ra6 20. Kb2 Ke7 21.
Ra1 Rha8 22. Rxa6 Rxa6 23. Bc3 c5 24. g4 cxd4 25. Nxd4 Ne5 26. f3 Kd7 27. Rd1
Rd6 28. Kc2 Kc8 29. Re1 Rxd4 30. Bxd4 Nxf3 31. Bf2 Nxe1+ 32. Bxe1 Kc7 33. Kd3
Kc6 34. Bb4 g6 35. Bf8 gxh5 36. gxh5 Bg5 37. Ke4 Kd7 38. b4 Ke8 39. Bd6 f5+ 40.
Ke5 Be7 41. Bb8 Kd7 42. c5 Bd8 43. b5 Bh4 44. c6+ Kc8 45. Kxe6 Kxb8 46. Kxf5 b6
47. Ke6 Kc7 48. Kd5 Bg3 49. Ke6 Kd8 50. Kf7 Kc8 51. Ke6 Kc7 52. Ke7 Bd6+ 53. Ke6
Bb4 54. Kd5 1/2-1/2

[Event "TCh-ITA 2012"]
[Site "Arvier ITA"]
[Date "2012.04.28"]
[Round "2"]
[White "Rombaldoni, Axel"]
[Black "De Filomeno, Simone"]
[Result "1/2-1/2"]
[WhiteTitle "IM"]
[BlackTitle "FM"]
[WhiteElo "2464"]
[BlackElo "2280"]
[WhiteTeam "Scavolini Datagest Pesaro"]
[BlackTeam "Acc. Scacch. Italiana Bologna"]
[WhiteFideId "815837"]
[BlackFideId "828688"]
[EventDate "2012.04.27"]

1. e4 c5 2. Nf3 Nc6 3. d4 cxd4 4. Nxd4 g6 5. c4 Nf6 6. Nc3 Nxd4 7. Qxd4 d6 8.
Bg5 Bg7 9. Qd2 O-O 10. Bd3 Be6 11. O-O Qb6 12. Rac1 Rfc8 13. b3 Qa5 14. Kh1 a6
15. a4 Rab8 16. Rfe1 Qb4 17. Nd5 Qxd2 18. Bxd2 Bxd5 19. exd5 Ng4 20. Re2 Kf8 21.
f4 Bd4 22. Rf1 f5 23. h3 Nf6 24. Rfe1 Rc7 25. g4 fxg4 26. hxg4 Nxg4 27. Kg2 Kf7
28. Re4 Bb6 29. Re6 Rg8 30. a5 Bd4 31. R1e4 Ba7 32. Re1 Bd4 33. b4 h5 34. R1e4
Bf6 35. Re1 g5 36. fxg5 Bxg5 37. Rf1+ Bf6 38. Kh3 Ne5 39. Be2 Nxc4 40. Rc1 Rgc8
41. Bxh5+ Kg7 42. Bg5 Bxg5 43. Rg1 Ne5 44. Rxg5+ Kh7 45. Bg6+ Nxg6 46. Rexg6 Rf8
47. Kg4 Rf6 48. Kh5 Rxg6 49. Rxg6 Rc1 50. Re6 Rh1+ 51. Kg4 Rg1+ 52. Kf3 Rf1+ 53.
Ke2 Rf7 54. Re4 Kg6 55. Rc4 e6 56. dxe6 Re7 57. Kd3 Kf6 58. b5 axb5 59. Rb4 Kxe6
60. Rxb5 Rh7 61. Kd4 Rg7 62. Rb6 Rd7 63. a6 bxa6 64. Ke4 1/2-1/2

[Event "TCh-ITA 2012"]
[Site "Arvier ITA"]
[Date "2012.04.28"]
[Round "2"]
[White "Lenic, Luka"]
[Black "Jones, Gawain C B"]
[Result "1-0"]
[WhiteTitle "GM"]
[BlackTitle "GM"]
[WhiteElo "2637"]
[BlackElo "2635"]
[WhiteTeam "SS Triestina"]
[BlackTeam "Chieti"]
[WhiteFideId "14603853"]
[BlackFideId "409561"]
[EventDate "2012.04.27"]

1. Nf3 Nf6 2. c4 g6 3. b4 Bg7 4. Bb2 O-O 5. e3 d6 6. Be2 e5 7. d3 a5 8. a3 axb4
9. axb4 Rxa1 10. Bxa1 Na6 11. Qb3 e4 12. dxe4 Nxe4 13. Bxg7 Kxg7 14. Nc3 Nxc3
15. Qxc3+ Qf6 16. Kd2 c6 17. Rd1 Rd8 18. Qxf6+ Kxf6 19. Kc3 Ke7 20. Ra1 Bg4 21.
h3 Bxf3 22. Bxf3 Kd7 23. h4 Nc7 24. Ra7 Kc8 25. Ra5 Kd7 26. b5 Ra8 27. Kb4 f5
28. g3 Rxa5 29. Kxa5 Ne6 30. Kb6 Nd8 31. Bg2 d5 32. cxd5 cxb5 33. Kxb5 Nf7 34.
Kc5 Ne5 35. f4 b6+ 36. Kxb6 Nc4+ 37. Kc5 Nxe3 38. Bh3 Nd1 39. Bf1 Nf2 40. Bg2
Ng4 41. d6 Nf6 42. Bf3 h6 43. Bc6+ Ke6 44. Bg2 Kd7 45. Bc6+ Ke6 46. Bg2 Kd7 47.
Bd5 Nh5 48. Bc6+ Ke6 49. Bf3 Nf6 50. Kc6 Kf7 51. Kc7 Ne8+ 52. Kd7 Nf6+ 53. Kc6
h5 54. Bg2 Ke6 55. Bf1 Kf7 56. Bc4+ Kf8 57. Be6 Ke8 58. Kc7 1-0

[Event "TCh-ITA 2012"]
[Site "Arvier ITA"]
[Date "2012.04.28"]
[Round "2"]
[White "Garcia Palermo, Carlos"]
[Black "Mocchi, Tullio"]
[Result "1-0"]
[WhiteTitle "GM"]
[BlackTitle "FM"]
[WhiteElo "2479"]
[BlackElo "2270"]
[WhiteTeam "Chieti"]
[BlackTeam "SS Triestina"]
[WhiteFideId "110124"]
[BlackFideId "806889"]
[EventDate "2012.04.27"]

1. d4 d5 2. c4 e6 3. Nc3 Nf6 4. cxd5 exd5 5. Bg5 Be7 6. e3 c6 7. Qc2 Nbd7 8. Bd3
O-O 9. Nge2 Re8 10. O-O Nf8 11. f3 c5 12. Rad1 cxd4 13. Nxd4 Be6 14. Qb3 Rb8 15.
Bb5 N8d7 16. Bxf6 Bxf6 17. Nxd5 Nc5 18. Nxf6+ Qxf6 19. Qa3 Rec8 20. Rc1 a6 21.
Rxc5 Rxc5 22. Qxc5 axb5 23. Qxb5 Qe7 24. Qe5 Rc8 25. Nxe6 Qxe6 26. Qxe6 fxe6 27.
Rd1 Kf8 28. Rd2 Rc1+ 29. Kf2 Ke7 30. f4 Rb1 31. Kf3 Rh1 32. Rd3 Rxh2 33. Rb3 g6
34. Rxb7+ Kd6 35. Rb6+ Kd7 36. a4 Rh1 37. a5 Ra1 38. b4 1-0

[Event "TCh-ITA 2012"]
[Site "Arvier ITA"]
[Date "2012.04.28"]
[Round "2"]
[White "Cherin, Diego"]
[Black "Mogranzini, Roberto"]
[Result "0-1"]
[WhiteTitle "FM"]
[BlackTitle "IM"]
[WhiteElo "2272"]
[BlackElo "2461"]
[WhiteTeam "SS Triestina"]
[BlackTeam "Chieti"]
[WhiteFideId "816922"]
[BlackFideId "810894"]
[EventDate "2012.04.27"]

1. e4 c5 2. Nf3 Nc6 3. d4 cxd4 4. Nxd4 g6 5. Nc3 Bg7 6. Be3 Nf6 7. Bc4 Qa5 8.
O-O O-O 9. Nb3 Qc7 10. Bg5 a5 11. a4 Nb4 12. Qe2 d6 13. Nb5 Qb8 14. c3 Nc6 15.
Nd2 b6 16. Bd5 Bd7 17. Nc4 Nxd5 18. exd5 Ne5 19. Bxe7 Re8 20. Bxd6 Nxc4 21. Qxc4
Bxb5 22. Qf4 g5 23. Qg3 Qb7 24. axb5 Qxd5 25. c4 Qxc4 26. Qxg5 Re6 27. Rac1 Qe4
28. Bg3 Rg6 29. Qd2 h5 30. f3 Qd4+ 31. Qxd4 Bxd4+ 32. Bf2 Bxb2 33. Rc2 Bg7 34.
Rfc1 Rg5 35. Bxb6 Rxb5 36. Rc8+ Rxc8 37. Rxc8+ Kh7 38. Be3 Rb3 39. Kf2 a4 40.
Rc4 a3 41. Bd4 a2 42. Bxg7 Kxg7 43. Ra4 Rb2+ 44. Kg3 Kf6 45. Ra5 Ke6 46. h4 Kd6
47. Kh3 Rf2 48. Kg3 Rc2 49. Kh3 f5 50. Kg3 Kc6 51. Kf4 Kb6 52. Ra8 Kb5 53. Kg5
Kb4 54. g3 f4 55. Rxa2 Rxa2 56. g4 hxg4 57. Kxg4 Kc5 58. h5 Kd6 59. h6 Ke6 60.
Kxf4 Ra5 61. Kg4 Ke5 0-1

[Event "TCh-ITA 2012"]
[Site "Arvier ITA"]
[Date "2012.04.28"]
[Round "2"]
[White "Antoniewski, Rafal"]
[Black "Olszewski, Michal"]
[Result "1-0"]
[WhiteTitle "GM"]
[BlackTitle "GM"]
[WhiteElo "2559"]
[BlackElo "2539"]
[WhiteTeam "Libertas Nereto"]
[BlackTeam "Centro Studi Test Palermo"]
[WhiteFideId "1111078"]
[BlackFideId "1121251"]
[EventDate "2012.04.27"]

1. e4 c5 2. Nf3 d6 3. d4 cxd4 4. Nxd4 Nf6 5. Nc3 a6 6. Be2 e5 7. Nb3 Be7 8. O-O
O-O 9. Re1 Be6 10. Bf3 Nbd7 11. a4 Rc8 12. a5 Qc7 13. Be3 Rfd8 14. Nd2 h6 15.
Nf1 Nh7 16. h3 Re8 17. Bg4 Nhf6 18. Bf3 Nh7 19. Bg4 Ndf6 20. Bf3 Ng5 21. Bxg5
hxg5 22. Ne3 Qc5 23. Ra4 Bd8 24. Qa1 g6 25. Rd1 Kg7 26. Rd3 Rh8 27. Ne2 Be7 28.
Rc3 Qb5 29. Rxc8 Rxc8 30. c4 Qd7 31. Qd1 Rh8 32. Ng3 Rh4 33. b3 Bd8 34. Ra2 Bc7
35. b4 Qc8 36. Ra3 Bb8 37. Qd2 Qc6 38. Nef5+ Bxf5 39. Nxf5+ gxf5 40. Qxg5+ Kf8
41. Qxh4 Ke7 42. exf5 Qc8 43. Bd5 Ba7 44. Qg5 Qb8 45. Bxf7 1-0

[Event "TCh-ITA 2012"]
[Site "Arvier ITA"]
[Date "2012.04.28"]
[Round "2"]
[White "Contin, Daniel"]
[Black "Shytaj, Luca"]
[Result "1-0"]
[WhiteTitle "IM"]
[BlackTitle "IM"]
[WhiteElo "2331"]
[BlackElo "2496"]
[WhiteTeam "Centro Studi Test Palermo"]
[BlackTeam "Libertas Nereto"]
[WhiteFideId "803618"]
[BlackFideId "812633"]
[EventDate "2012.04.27"]

1. c4 e5 2. Nc3 Nc6 3. g3 Nf6 4. Bg2 Bc5 5. Nf3 d6 6. O-O O-O 7. d4 Nxd4 8. Nxd4
Bxd4 9. Qc2 a6 10. Rd1 h6 11. h3 Rb8 12. b4 Bd7 13. e3 Ba7 14. a4 Qc8 15. Kh2
Bf5 16. Qb3 Qe6 17. g4 Bh7 18. f4 exf4 19. exf4 Rfe8 20. Ra2 Nxg4+ 21. hxg4 Qxg4
22. Bh3 Qh4 23. c5 Bf5 24. Nd5 dxc5 25. Rg2 c6 26. Nf6+ Qxf6 27. Bb2 Qe6 28. Qg3
Qg6 29. Qh4 Qxg2+ 30. Bxg2 Re2 31. Be5 Rf8 32. Qh5 Rxe5 33. fxe5 Bg6 34. Qh4
cxb4 35. Rd8 Rxd8 36. Qxd8+ Kh7 37. Qd7 Bb8 38. Qxb7 Bxe5+ 39. Kh1 c5 40. Bd5 a5
41. Bxf7 Bc2 42. Qa8 h5 43. Qd5 Bf4 44. Qxh5+ Bh6 45. Qe2 1-0

[Event "TCh-ITA 2012"]
[Site "Arvier ITA"]
[Date "2012.04.28"]
[Round "2"]
[White "Bruno, Fabio"]
[Black "Bentivegna, Francesco"]
[Result "0-1"]
[WhiteTitle "IM"]
[BlackTitle "FM"]
[WhiteElo "2435"]
[BlackElo "2276"]
[WhiteTeam "Libertas Nereto"]
[BlackTeam "Centro Studi Test Palermo"]
[WhiteFideId "801038"]
[BlackFideId "809055"]
[EventDate "2012.04.27"]

1. Nf3 b6 2. g3 Bb7 3. Bg2 Nf6 4. c4 g6 5. O-O Bg7 6. Nc3 O-O 7. d4 Ne4 8. Qc2
f5 9. Be3 Nxc3 10. Qxc3 e6 11. Qd2 Be4 12. Rac1 Qe8 13. d5 e5 14. c5 Na6 15. b4
bxc5 16. b5 f4 17. gxf4 exf4 18. Bxf4 Nb4 19. Rxc5 Nxd5 20. Bg3 c6 21. Rfc1 Rc8
22. Ng5 Bxg2 23. Kxg2 Ne7 24. bxc6 Rxc6 25. Rxc6 Nxc6 26. Bd6 Rf5 27. Rc5 Nd4
28. Qd3 Rxc5 29. Bxc5 Qxe2 30. Qxe2 Nxe2 31. Bxa7 Nc3 32. a3 Bf8 33. Bd4 Nb5 34.
Be5 Nxa3 35. Ne4 Bg7 36. Bd6 Nc4 37. f4 h6 38. Kf3 Kf7 39. Bb4 d5 40. Ng3 Bf6
41. f5 Ne5+ 42. Ke2 h5 43. h3 h4 44. fxg6+ Kxg6 45. Nf1 Kf5 46. Bd6 Nf7 47. Ne3+
Ke4 48. Ng4 Bd8 49. Nf2+ Kf5 50. Bc5 Ng5 51. Kd3 Bf6 52. Be3 Ne6 53. Ng4 Bg7 54.
Bf2 Nf4+ 55. Kd2 Nxh3 56. Ne3+ Ke4 57. Ke2 d4 58. Nd1 Nf4+ 59. Kf1 Bf6 60. Nb2
h3 61. Bg3 Nh5 62. Kf2 Bg5 63. Bh2 Be3+ 64. Ke2 Bf4 65. Bg1 h2 66. Bxh2 Bxh2 67.
Kd1 Nf4 68. Kd2 Nd5 69. Ke2 Bf4 70. Ke1 Nc3 71. Kf2 Bg5 72. Nc4 Bh4+ 73. Kg2 d3
74. Nd2+ Ke3 75. Nb3 Ne4 76. Kh3 Be7 77. Kg2 Bb4 78. Kf1 Nd2+ 79. Ke1 Nxb3+ 80.
Kd1 Nd4 0-1

[Event "TCh-ITA 2012"]
[Site "Arvier ITA"]
[Date "2012.04.28"]
[Round "2"]
[White "Bove, Alessandro"]
[Black "Piscopo, Pierluigi"]
[Result "0-1"]
[WhiteTitle "FM"]
[BlackTitle "IM"]
[WhiteElo "2362"]
[BlackElo "2383"]
[WhiteTeam "Centro Studi Test Palermo"]
[BlackTeam "Libertas Nereto"]
[WhiteFideId "814121"]
[BlackFideId "809152"]
[EventDate "2012.04.27"]

1. d4 Nf6 2. c4 e5 3. dxe5 Ng4 4. Nf3 Bc5 5. e3 Nc6 6. Be2 O-O 7. O-O Re8 8. Nc3
Ngxe5 9. Na4 Bf8 10. Nxe5 Nxe5 11. f4 Nc6 12. Bd3 d5 13. cxd5 Nb4 14. Nc3 c6 15.
Be4 cxd5 16. Bf3 d4 17. Nb5 dxe3 18. Qxd8 Rxd8 19. Bxe3 Nc2 20. Rad1 Bd7 21.
Rxd7 Rxd7 22. Bxa7 Rxa7 23. Nxa7 Bc5+ 24. Kh1 Bxa7 25. Rc1 Re7 26. g3 Re1+ 27.
Rxe1 Nxe1 28. Be4 b5 29. h3 b4 30. a4 g6 31. g4 Kf8 32. b3 Ke7 33. Kh2 Kd6 34.
Kg3 Kc5 35. f5 Kd4 36. Bc6 g5 37. a5 f6 38. a6 Nd3 39. Bb5 Nc5 0-1

[Event "TCh-ITA 2012"]
[Site "Arvier ITA"]
[Date "2012.04.28"]
[Round "2"]
[White "Mazzilli, Piero"]
[Black "Ranieri, Fabrizio"]
[Result "1-0"]
[WhiteTitle "FM"]
[BlackTitle "FM"]
[WhiteElo "2340"]
[BlackElo "2283"]
[WhiteTeam "CPS Banca Nuova"]
[BlackTeam "SS Eporediese Ivrea"]
[WhiteFideId "807087"]
[BlackFideId "806927"]
[EventDate "2012.04.27"]

1. e4 e6 2. d4 d5 3. Nc3 Nf6 4. Bg5 Be7 5. e5 Nfd7 6. Bxe7 Qxe7 7. f4 O-O 8. Nf3
c5 9. Qd2 Nc6 10. dxc5 Nxc5 11. O-O-O a6 12. Bd3 Nb4 13. Rhe1 Bd7 14. Kb1 Nbxd3
15. cxd3 b5 16. f5 b4 17. Qf4 Rfb8 18. f6 Qf8 19. Ne2 Bb5 20. Nc1 Ba4 21. Rd2 a5
22. Re3 g6 23. Ng5 d4 24. Nxh7 dxe3 25. Nxf8 Kxf8 26. Qxe3 Nd7 27. d4 Bc6 28.
Nd3 Ke8 29. Qh6 Be4 30. Kc1 Rc8+ 31. Kd1 Bxd3 32. Rxd3 Nf8 33. Rh3 Rc4 34. Qxf8+ 1-0

[Event "TCh-ITA 2012"]
[Site "Arvier ITA"]
[Date "2012.04.28"]
[Round "2"]
[White "Mariano, Elia"]
[Black "Ramondino, Renzo"]
[Result "1/2-1/2"]
[BlackTitle "FM"]
[WhiteElo "2156"]
[BlackElo "2251"]
[WhiteTeam "SS Eporediese Ivrea"]
[BlackTeam "CPS Banca Nuova"]
[WhiteFideId "806579"]
[BlackFideId "810304"]
[EventDate "2012.04.27"]

1. d4 Nf6 2. c4 g6 3. Nc3 Bg7 4. e4 d6 5. Bd3 O-O 6. Nge2 Nc6 7. O-O Nh5 8. d5
Ne5 9. Ng3 Nxg3 10. hxg3 Nxd3 11. Qxd3 e6 12. Be3 f5 13. exf5 Rxf5 14. Bd4 Bxd4
15. Qxd4 e5 16. Qe3 Kg7 17. b3 h5 18. Ne4 Qe7 19. f3 b6 20. a4 a5 21. Kf2 Bd7
22. Rh1 Raf8 23. Raf1 Be8 24. g4 Rf4 25. Ke1 h4 26. g3 hxg3 27. Nxg3 Bd7 28. Ne2
R4f6 29. Qh6+ Kf7 30. g5 Rf5 31. Qh7+ Ke8 32. Qxg6+ Kd8 33. Rh7 Qxg5 34. Qxg5+
Rxg5 35. Kd2 Rg2 36. Rg1 Rxg1 37. Nxg1 e4 38. fxe4 Rf2+ 39. Ke1 Rf4 40. Rh8+ Be8
41. Ne2 Rxe4 42. Kd2 Kd7 43. Nc3 Rg4 44. Nb5 Rg2+ 45. Kc3 Rg3+ 46. Kb2 Re3 47.
Nd4 Bf7 48. Rh7 Ke8 49. Nc6 Re2+ 50. Ka3 Kf8 51. Nd4 Re7 52. Rh4 Bg8 53. Rf4+
Ke8 54. Rg4 Bf7 55. Rh4 Bg8 56. Rh8 Kf8 57. Ne6+ Kf7 58. Rh2 Ke8 59. Nd4 Kd7 60.
Rg2 Bf7 61. Nc6 Re4 62. Rh2 Kc8 63. Rd2 Be8 64. Nd4 Bd7 65. Nf3 Kb7 66. Nd4 Kc8
67. Ne2 Kb7 68. Nc3 Re3 69. Ne2 Re4 70. Nc3 Re3 71. Ne2 1/2-1/2

[Event "TCh-ITA 2012"]
[Site "Arvier ITA"]
[Date "2012.04.28"]
[Round "2"]
[White "Genovese, Maurizio"]
[Black "Saccona, Silvano"]
[Result "1/2-1/2"]
[WhiteTitle "FM"]
[WhiteElo "2257"]
[BlackElo "2178"]
[WhiteTeam "CPS Banca Nuova"]
[BlackTeam "SS Eporediese Ivrea"]
[WhiteFideId "802930"]
[BlackFideId "805653"]
[EventDate "2012.04.27"]

1. d4 d5 2. Bg5 c6 3. Nf3 Bf5 4. e3 Nf6 5. Bxf6 exf6 6. Bd3 Bxd3 7. Qxd3 Be7 8.
O-O O-O 9. Nbd2 Na6 10. c3 Nc7 11. Rfe1 Ne6 12. g3 Qd7 13. e4 dxe4 14. Nxe4 Rfd8
15. Rad1 Rac8 16. Qc2 Qd5 17. Qb3 Qh5 18. Re3 Rd7 19. Rde1 Bf8 20. Qa4 a6 21.
Qc2 Rcd8 22. b4 Rb8 23. Qe2 Qb5 24. Nc5 Qxe2 25. R3xe2 Bxc5 26. bxc5 b5 27. Nd2
b4 28. Rb1 Rdb7 29. Rxb4 Rxb4 30. cxb4 Rxb4 31. Nb3 Kf8 32. Rd2 Ke7 33. Kg2 Kd7
34. Kf3 g6 35. h4 h5 36. Ke3 Nc7 37. Rc2 Nd5+ 38. Kd2 f5 39. Rc1 Nf6 40. f3 Nd5
41. Kc2 Rb8 42. a3 Re8 43. Nd2 Re3 44. Nc4 Re2+ 45. Kd3 Rg2 46. Ne5+ Kc7 47.
Nxf7 Ra2 48. Ne5 Rxa3+ 49. Ke2 Ra2+ 50. Kd3 Ra3+ 51. Ke2 Ra2+ 52. Kd3 Rg2 53.
Ra1 Rxg3 54. Kc4 Ne3+ 55. Kd3 Nd5 56. Kc4 Ne3+ 57. Kd3 Nd5 58. Kc4 Ne3+ 1/2-1/2

[Event "TCh-ITA 2012"]
[Site "Arvier ITA"]
[Date "2012.04.28"]
[Round "2"]
[White "Manca, Federico"]
[Black "Genov, Petar"]
[Result "1/2-1/2"]
[WhiteTitle "IM"]
[BlackTitle "GM"]
[WhiteElo "2424"]
[BlackElo "2463"]
[WhiteTeam "Pizzato Elettr. Scacchi Marostica"]
[BlackTeam "Latina"]
[WhiteFideId "800171"]
[BlackFideId "2900211"]
[EventDate "2012.04.27"]

1. e4 c6 2. d4 d5 3. Nc3 dxe4 4. Nxe4 Bf5 5. Ng3 Bg6 6. Nf3 Nd7 7. h4 h6 8. h5
Bh7 9. Bd3 Bxd3 10. Qxd3 e6 11. Bd2 Ngf6 12. O-O-O Be7 13. Ne4 Nxe4 14. Qxe4 Nf6
15. Qe2 Qd5 16. c4 Qe4 17. Qxe4 Nxe4 18. Be3 O-O 19. Ne5 Rac8 20. g4 b5 21. f3
Nf6 22. b3 Rfd8 1/2-1/2

[Event "TCh-ITA 2012"]
[Site "Arvier ITA"]
[Date "2012.04.28"]
[Round "2"]
[White "Caprio, Guido"]
[Black "Rossi, Carlo1"]
[Result "1-0"]
[WhiteTitle "FM"]
[BlackTitle "IM"]
[WhiteElo "2398"]
[BlackElo "2297"]
[WhiteTeam "Latina"]
[BlackTeam "Pizzato Elettr. Scacchi Marostica"]
[WhiteFideId "834580"]
[BlackFideId "800651"]
[EventDate "2012.04.27"]

1. d4 Nf6 2. c4 c5 3. d5 e5 4. Nc3 d6 5. e4 g6 6. f4 exf4 7. Bxf4 Bg7 8. Nf3 O-O
9. Bd3 Re8 10. O-O Ng4 11. Qd2 a6 12. h3 Ne5 13. Nxe5 Bxe5 14. Bxe5 Rxe5 15. Rf2
Nd7 16. Qf4 Qf8 17. Bc2 Nb6 18. b3 Bd7 19. Raf1 Be8 20. Nd1 Nd7 21. Ne3 h5 22.
h4 Qe7 23. Qg3 Kh7 24. Rf3 Rd8 25. Qf2 Kg8 26. g3 Qf8 27. g4 Qe7 28. Qg3 hxg4
29. Nxg4 Rh5 30. Rf4 Kf8 31. Nf6 Nxf6 32. Rxf6 Kg7 33. Bd1 Re5 34. h5 Kh6 35.
hxg6 fxg6 36. Qh3+ Kg7 37. Re6 Qg5+ 38. Kh1 Qh6 39. Qxh6+ Kxh6 40. Rff6 Kg5 41.
Rxe5+ dxe5 42. Rf8 Kh6 43. Bg4 Kg7 44. Rf3 Bd7 45. Bxd7 Rxd7 46. Kg2 Kh6 47. Kg3
Kg7 48. Kg4 Rd8 49. Kg5 Rh8 50. d6 Rh5+ 51. Kg4 Rh8 52. d7 Rd8 53. Rd3 Kf6 54.
a4 Ke6 55. Kg5 b6 56. Kxg6 Rg8+ 57. Kh7 Rd8 58. Kg7 Ke7 59. Rd2 Ke6 60. Rd5 a5
61. Rd3 Ke7 62. Rd2 Ke6 63. Rd5 1-0

[Event "TCh-ITA 2012"]
[Site "Arvier ITA"]
[Date "2012.04.28"]
[Round "2"]
[White "Micheli, Carlo"]
[Black "Malloni, Marcello"]
[Result "0-1"]
[WhiteTitle "FM"]
[BlackTitle "FM"]
[WhiteElo "2268"]
[BlackElo "2339"]
[WhiteTeam "Pizzato Elettr. Scacchi Marostica"]
[BlackTeam "Latina"]
[WhiteFideId "800414"]
[BlackFideId "802956"]
[EventDate "2012.04.27"]

1. c4 Nf6 2. Nc3 e5 3. g3 Bb4 4. Bg2 O-O 5. Nf3 Re8 6. O-O Bxc3 7. bxc3 d6 8. d3
e4 9. Nd4 Nbd7 10. f3 exd3 11. exd3 h6 12. a4 a5 13. Nb5 b6 14. f4 Rb8 15. Na7
Bb7 16. Nc6 Bxc6 17. Bxc6 Qe7 18. Ra2 d5 19. d4 Qd6 20. cxd5 Nxd5 21. Bxd5 Qxd5
22. Rb2 Nf6 23. Qd3 Re4 24. Rb5 Qa2 25. Re5 Re8 26. Bd2 Qxa4 27. g4 Qd7 28. h3
R4xe5 29. fxe5 Rxe5 30. Bxh6 Re6 31. Bc1 b5 32. g5 Nd5 33. Qf3 c6 34. h4 g6 35.
h5 gxh5 36. Bd2 Re7 37. Qxh5 Re4 38. Kh1 Qe6 39. Rf2 Qg6 40. Qh3 Qe6 41. Qh5 Qg6
42. Qh3 Re6 43. Rh2 Kf8 44. Rf2 a4 45. Kh2 Kg7 46. Qh6+ Kg8 47. Qxg6+ Rxg6 48.
Kh3 Re6 49. Kg4 Kg7 50. Rf3 Re2 51. Bc1 Rc2 52. Ba3 Rxc3 0-1

[Event "TCh-ITA 2012"]
[Site "Arvier ITA"]
[Date "2012.04.28"]
[Round "2"]
[White "Lucaroni, Massimiliano"]
[Black "Sader, Michael"]
[Result "1-0"]
[WhiteTitle "FM"]
[WhiteElo "2280"]
[BlackElo "2276"]
[WhiteTeam "Latina"]
[BlackTeam "Pizzato Elettr. Scacchi Marostica"]
[WhiteFideId "802484"]
[BlackFideId "1602012"]
[EventDate "2012.04.27"]

1. e4 c5 2. Nf3 e6 3. d4 cxd4 4. Nxd4 a6 5. Nc3 Qc7 6. Be2 Nf6 7. O-O d6 8. f4
Be7 9. Kh1 e5 10. fxe5 dxe5 11. Nf5 Bxf5 12. Rxf5 O-O 13. Bg5 Nbd7 14. Qf1 Rac8
15. Rd1 h6 16. Bh4 Qc6 17. Rd3 Qe6 18. Rdf3 b5 19. Bd3 Rxc3 20. bxc3 Rc8 21. Be1
Qxa2 22. Bd2 Qe6 23. Rg3 Kh7 24. Qe1 g6 25. Rf1 Nh5 26. Rgf3 f6 27. Qb1 Nb6 28.
Qb3 Nc4 29. Ra1 Ng7 30. Bxc4 Rxc4 31. Qa2 Ra4 32. Qb1 Rxe4 33. Rd3 Nf5 34. Qd1
Nh4 35. Be1 Nf5 36. Bf2 Rc4 37. Qd2 e4 38. Re1 Nd6 39. Rd4 f5 40. Bg3 Rc6 41.
Bxd6 Bxd6 42. Rd1 e3 43. Qd3 Bc5 44. Rd7+ Kg8 45. g3 Bb6 46. Kg2 e2 47. Re1 Rxc3
48. Qxc3 Qe4+ 49. Qf3 1-0

[Event "TCh-ITA 2012"]
[Site "Arvier ITA"]
[Date "2012.04.28"]
[Round "2"]
[White "Salvador, Roland"]
[Black "Horvath, Csaba"]
[Result "1/2-1/2"]
[WhiteTitle "GM"]
[BlackTitle "GM"]
[WhiteElo "2502"]
[BlackElo "2509"]
[WhiteTeam "CSKB Torveca Caffè Vigevano"]
[BlackTeam "L'Arrocco A di Roma"]
[WhiteFideId "5201047"]
[BlackFideId "700118"]
[EventDate "2012.04.27"]

1. d4 d5 2. Nf3 Nf6 3. c4 c6 4. e3 e6 5. Nbd2 c5 6. cxd5 Nxd5 7. Nb3 cxd4 8.
Nbxd4 Bb4+ 9. Bd2 O-O 10. e4 Bxd2+ 11. Qxd2 Nf6 12. Bd3 e5 13. Nb3 Nc6 1/2-1/2